00479nam a2200157 a 450000500170000000800410001702000150005805000260007324500660009926000590016530000210022452100090024565000220025465000220027665000230029820140310183140.0020822s19uu xx 00 eng d a9814057185 aHD 30.28b.C6646 1997 aCore competency based strategy /cAndrew Campbell ( editor ). aLondon :bInternational Thomson Business Press,c1997. a327 p. :c25 cm. aBSBA aCore competencies aBusiness planning aStrategic planning